000 00237nam a2200097Ia 4500
008 120527s9999 xx 000 0 und d
100 _aMCEACHERN, W.A
245 _aEconomics :A contemporary introduction
260 _bPearson
942 _cBK
999 _c25486
_d25486